00751cam a2200241 a 4500001000800000005001700008008004100025010001700066020001500083040001800098050002200116082001900138100002200157245003700179250005300216260003900269300003300308504006400341650001600405650001400421650002500435700004900460350641420230414125444.0950622s1996 nyua bs 001 0 eng  a 95031606  a0065006062 aDLCcDLCdDLC00aQA276b.H788 199600a001.4220bHUC1 aHuck, Schuyler W.10aReading statistics and research. a2nd ed. /bSchuyler W. Huck, William H. Cormier. aNew York :bHarperCollins,cc1996. axx, 652 p. :bill. ;c24 cm. aIncludes bibliographical references (p. 641-642) and index. 0aStatistics. 0aResearch. 0aExperimental design.1 aCormier, William H.q(William Henry),d1933-